Central Library OPAC University of Rajshahi

Vocational and practical arts education : (Record no. 50857)

MARC details
000 -LEADER
fixed length control field 00838nam a22002652 4500
001 - CONTROL NUMBER
control field 50857
003 - CONTROL NUMBER IDENTIFIER
rucl marc code BD-RJUL
005 - DATE AND TIME OF LATEST TRANSACTION
control field 20211209075556.0
008 - FIXED-LENGTH DATA ELEMENTS--GENERAL INFORMATION
fixed length control field 160828s1965 nyua b 001 0 eng
035 ## - SYSTEM CONTROL NUMBER
System control number BD-RJUL 50977
040 ## - CATALOGING SOURCE
Original cataloging agency DLC
Transcribing agency DLC
Modifying agency UKM
-- EQO
Language of cataloging eng
041 ## - LANGUAGE CODE
Language code of text/sound track or separate title eng
082 ## - DEWEY DECIMAL CLASSIFICATION NUMBER
Classification number 373.246
Author mark and year ROV 1965
100 1# - MAIN ENTRY--PERSONAL NAME
Personal name Roberts, Roy W.,
Dates associated with a name 1898-
9 (RLIN) 152238
245 10 - TITLE STATEMENT
Title Vocational and practical arts education :
Remainder of title history, development, and principles /
Statement of responsibility, etc. [by] Roy W. Roberts.
250 ## - EDITION STATEMENT
Edition statement 2d ed.
260 ## - PUBLICATION, DISTRIBUTION, ETC. (IMPRINT)
Place of publication, distribution, etc. New York :
Name of publisher, distributor, etc. Harper and Row,
Date of publication, distribution, etc. [1965]
300 ## - PHYSICAL DESCRIPTION
Pagination x, 596 p. :
Illustrations ill. ;
Size 24 cm.
490 1# - SERIES STATEMENT
Series statement Exploration series in education
504 ## - BIBLIOGRAPHY, ETC. NOTE
Bibliography, etc Includes bibliographies.
650 #0 - SUBJECT ADDED ENTRY--TOPICAL TERM
Topical term or geographic name as entry element Vocational education.
9 (RLIN) 152239
830 #0 - SERIES ADDED ENTRY--UNIFORM TITLE
Uniform title Exploration series in education
942 ## - ADDED ENTRY ELEMENTS (KOHA)
Source of classification or shelving scheme Dewey Decimal Classification
Koha item type Books
Holdings
Lost status Source of classification or shelving scheme Damaged status Not for loan Collection code Permanent Location Current Location Shelving location Date acquired Source of acquisition Cost, normal purchase price Total Checkouts Full call number Date last seen Copy number Koha item type
  Dewey Decimal Classification     Non-fiction Central Library, University of Rajshahi Central Library, University of Rajshahi   31/01/1969 Mirza books agency 25.00   373.246 ROV 1965 28/08/2016 C-2 Books
  Dewey Decimal Classification     Non-fiction Central Library, University of Rajshahi Central Library, University of Rajshahi   31/01/1969 Mirza books agency 25.00   373.246 ROV 1965 28/08/2016 C-3 Books
  Dewey Decimal Classification     Non-fiction Central Library, University of Rajshahi Central Library, University of Rajshahi   31/01/1969 Mirza books agency 25.00   373.246 ROV 1965 28/08/2016 C-4 Books